Gotland Districts - Statistics

General Stats
  • This quiz has been taken 9 times
  • The average score is 24 of 92
Answer Stats
Answer % Correct
Fårö
88%
Visby
88%
Hemse
63%
Roma
63%
Sundre
63%
Ala
50%
Eke
50%
Gothem
50%
Havdhem
50%
Klinte
50%
Tofta
50%
Alva
38%
Eksta
38%
Eskelhem
38%
Etelhem
38%
Fröjel
38%
Lärbro
38%
Lau
38%
När
38%
Öja
38%
Silte
38%
Stånga
38%
Vall
38%
Vamlingbo
38%
Västerhejde
38%
Akebäck
25%
Ardre
25%
Barlingbo
25%
Björke
25%
Boge
25%
Bro
25%
Bunge
25%
Burs
25%
Buttle
25%
Fide
25%
Fole
25%
Garde
25%
Grötlingbo
25%
Guldrupe
25%
Hall
25%
Hamra
25%
Hangvar
25%
Hejde
25%
Hellvi
25%
Hogrän
25%
Kräklingbo
25%
Levide
25%
Lojsta
25%
Lummelunda
25%
Martebo
25%
Mästerby
25%
Näs
25%
Östergarn
25%
Rone
25%
Rute
25%
Sproge
25%
Stenkumla
25%
Stenkyrka
25%
Västergarn
25%
Väte
25%
Alskog
13%
Anga
13%
Atlingbo
13%
Bäl
13%
Dalhem
13%
Ekeby
13%
Endre
13%
Fardhem
13%
Fleringe
13%
Follingbo
13%
Gammelgarn
13%
Ganthem
13%
Hablingbo
13%
Halla
13%
Hejnum
13%
Hörsne-Bara
13%
Lokrume
13%
Lye
13%
Othem
13%
Sanda
13%
Sjonhem
13%
Tingstäde
13%
Träkumla
13%
Vallstena
13%
Vänge
13%
Väskinde
13%
Viklau
13%
Gerum
0%
Hejdeby
0%
Källunge
0%
Linde
0%
Norrlanda
0%
No matching quizzes found
Score Distribution
Percent of People with Each Score
Percentile by Number Answered
Your Score History
You have not taken this quiz